| 000 | 00386nam a22001337a 4500 | ||
|---|---|---|---|
| 020 | _a9780063506619 | ||
| 040 | _c Nust | ||
| 082 |
_a620.1 _bSIN |
||
| 100 |
_aFerdinand L. Singer _938426 |
||
| 245 | _aEngineering Mechanics Statics and Dynamics | ||
| 260 |
_aIndia: _bHarper Collins Publishers, _c1997. |
||
| 650 |
_aEngineering Mechanics Statics and Dynamics _963421 |
||
| 942 |
_2ddc _cBK |
||
| 999 |
_c611851 _d611851 |
||